History of Armenia 🇦🇲 - Statistics

General Stats
  • This quiz has been taken 76 times
    59 since last reset
  • The average score is 9 of 25
Answer Stats
Hint Answer % Correct
Sacred mountain in neighboring Turkey where Noah's Ark supposedly landed Mount Ararat
98%
Capital city of Armenia, lying under the foot of the above mountain Yerevan
93%
Armenian name for Armenia Hayastan
75%
Armenia was annexed by this country in 1920 Soviet Russia
53%
Bronze and Iron Age kingdom in the Armenian highlands Urartu
53%
Eastern Armenia was taken by this empire in 1828 Russian Empire
50%
Legendary patriarch considered to be the founder of Armenia Hayk
48%
Enver Pasha blamed WWI failure on Armenians, leading to this 1915-1923 atrocity Armenian Genocide
40%
Armenia fought over this territory with its eastern neighbor, Azerbaijan Nagorno-Karabakh
38%
Under the rule of the above, Armenian converted to this religion Zoroastrianism
38%
Empire that the above kingdom was constantly at war with Assyrian Empire
33%
The Mongol invasion was followed by control of this empire Ottoman Empire
33%
After Byzantine occupation, Armenia was taken over by this empire in 1071 Seljuk Empire
33%
Armenia reached its greatest under this king but was defeated by Pompey Tigranes II the Great
33%
Divided since the 4th century, Armenia was later captured by this caliphate Umayyad Caliphate
30%
Rebellions in Western Armenia was met with this 1894-1896 atrocity Hamidian Massacres
25%
Scholar in the 4th century who invented the Armenian alphabet Mesrop Mashtots
25%
Armenia was later controlled by this empire, created by a Macedonian general Seleucid Empire
25%
This king helped Armenia gain freedom from Roman rule in 190 BC Artashes I
23%
Armenia was conquered in 585 BC by this Persian Empire Median Empire
23%
First president of the Republic of Armenia since its independence in 1991 Levon Ter-Petrosyan
18%
Scholar in the 5th century who wrote History of the Armenians Movses Khorenatsi
15%
1988 Earthquake that hit Armenia hard Spitak Earthquake
15%
Armenia regain its independence under this king in the ninth century Ashot I
13%
Armenian cathedral, built in 301, credited as the world's oldest Etchmiadzin Cathedral
13%
No matching quizzes found
Score Distribution
Percent of People with Each Score
Percentile by Number Answered
Your Score History
You have not taken this quiz since the last reset